000 01176nas a2200337 4500
001 BR8400756
003 BR-BrBNA
005 20231205085804.0
007 ta
008 230509b bl.|||p| |||| 00| 00por d
040 _aBR-BrBNA
_bpor
_cBiblioteca Nacional de Agricultura
041 _a(Pt)
072 _aF30
100 1 _aAlvarez, R.
100 1 _aBastos, C.R.
100 1 _aSegalla, A.L.
100 1 _aOliveira, H. de
100 1 _aGodoy Junior, G.
100 1 _aPommer, C.V.
100 1 _aBrinholi, O.
100 1 _aDalben, A.E.
111 1 _a32. Reuniao da Sociedade Brasileira para o Progresso da Ciencia
_cRio de Janeiro, RJ (Brazil)
_d6 Jul 1980
245 1 _aMelhoramento da cana-de-acucar, 2: experimentos regionais com clones obtidos em 1967 [Saccharum officinarum, Sao Paulo, Brasil]
246 1 _aSugarcane breeding, 2: experiments with clones obtained in 1967 [Saccharum officinarum, Sao Paulo, Brazil]
650 _aCANA DE ACUCAR
650 _aGENETICA VEGETAL
650 _aCLONE
773 0 _tBragantia (Brazil)
_xISSN 0006-8705
_g(1983), v. 42 p. 27-36
_wBR8400756
909 _a202311
_bLúcia
_c55
_dLúcia Elande
942 _2AGRIS
_n0
_cANA
999 _c113819
_d113819